Catálogo público

Hortalizas : (Record no. 206647)

MARC details
000 -CABECERA
campo de control de longitud fija 00752nam a2200277Ia 4500
001 - NÚMERO DE CONTROL
campo de control Para_8762
003 - IDENTIFICADOR DEL NÚMERO DE CONTROL
campo de control CHAP
008 - DATOS DE LONGITUD FIJA--INFORMACIÓN GENERAL
campo de control de longitud fija 220125s1999 xx 000 0 und d
010 ## - NÚMERO DE CONTROL DE LA BIBLIOTECA DEL CONGRESO
Número de control de LC 206647
040 ## - FUENTE DE LA CATALOGACIÓN
Centro/agencia transcriptor CHAP
082 ## - NÚMERO DE LA CLASIFICACIÓN DECIMAL DEWEY
Número de clasificación PA 635 A539
100 ## - ENTRADA PRINCIPAL--NOMBRE DE PERSONA
Nombre de persona Anaya Rosales, Socorro
9 (RLIN) 5512
245 ## - MENCIÓN DE TÍTULO
Título Hortalizas :
Resto del título plagas y enfermedades /
Mención de responsabilidad, etc. por Socorro Anaya Rosales
260 ## - PUBLICACIÓN, DISTRIBUCIÓN, ETC.
Lugar de publicación, distribución, etc. México, D.F. :
Nombre del editor, distribuidor, etc. Trillas
300 ## - DESCRIPCIÓN FÍSICA
Extensión 544 p.
503 ## - NOTA DE HISTORIA BIBLIOGRÁFICA (BK CF MU) [OBSOLETO]
Nota de historia bibliográfica C/e (ej.1) \ C/e (ej.2)
650 ## - PUNTO DE ACCESO ADICIONAL DE MATERIA--TÉRMINO DE MATERIA
Término de materia o nombre geográfico como elemento de entrada Legumbres
Subdivisión general enfermedades
9 (RLIN) 65709
650 ## - PUNTO DE ACCESO ADICIONAL DE MATERIA--TÉRMINO DE MATERIA
Término de materia o nombre geográfico como elemento de entrada Legumbres
Subdivisión general plagas
9 (RLIN) 65768
901 ## - ELEMENTOS DE DATOS A LOCAL LDA (RLIN)
a PA 635 A539
902 ## - ELEMENTOS DE DATOS B LOCAL, LDB (RLIN)
a M
905 ## - ELEMENTOS DE DATOS E LOCAL, LDE (RLIN)
a 0000001999 a 0000000000 00
910 ## - DATOS DE OPCIÓN DEL USUARIO (OCLC)
Datos de opción del usuario 1999
942 ## - ELEMENTOS DE PUNTO DE ACCESO ADICIONAL (KOHA)
Tipo de ítem Koha Parasitologia_
942 ## - ELEMENTOS DE PUNTO DE ACCESO ADICIONAL (KOHA)
Tipo de ítem Koha Parasitologia_
-- 1
Holdings
Estado de retiro Estado de pérdida Fuente del sistema de clasificación o colocación Estado dañado Restricciones de uso No para préstamo Código de colección Localización permanente Ubicación/localización actual Fecha de adquisición Número de inventario Total de préstamos Signatura topográfica completa Código de barras Fecha visto por última vez Número de copia Precio válido a partir de Tipo de ítem Koha Nota pública Renovaciones totales Fecha del último préstamo
    Dewey Decimal Classification   Préstamo 3 días   General Parasitologia Agricola Parasitologia Agricola 02/04/2009 (PA_09463) (No. UACh C/E)   PA 635 A539 4102003619 25/01/2022 Ej.4 25/01/2022 Libro 3    
    Dewey Decimal Classification   Préstamo interno   General Parasitologia Agricola Parasitologia Agricola 27/10/2005 (PA_8494) (No. UACh C/E)   PA 635 A539 4102003616 21/02/2023 Ej.1 25/01/2022 Libro 3    
    Dewey Decimal Classification   Préstamo 3 días   General Parasitologia Agricola Parasitologia Agricola 03/10/2008 (PA_09342) (No. UACh C/E) 8 PA 635 A539 4102003617 03/06/2024 Ej.2 25/01/2022 Libro 3 8 29/05/2024
    Dewey Decimal Classification       General Parasitologia Agricola Parasitologia Agricola 03/10/2008 (PA_09343) (No. UACh C/E) 2 PA 635 A539 4102003618 15/04/2024 Ej.3 25/01/2022 Libro 3   09/04/2024